[Event "Titled Tuesday intern op 18th Mar Late"]
[Site "Chess.com INT"]
[Date "2025.03.18"]
[Round "11"]
[White "Baylav, Can"]
[Black "Cramling Bellon, Anna"]
[Result "1-0"]
[WhiteElo "2056"]
[BlackElo "2046"]
[PlyCount "107"]
[EventDate "2025.03.18"]
[EventType "swiss (blitz)"]
[EventRounds "11"]
[EventCountry "USA"]
[SourceTitle "CB13_2025"]
[SourceDate "2025.03.26"]
[SourceVersion "1"]
[SourceVersionDate "2025.03.26"]
[SourceQuality "1"]

1. e4 c5 2. Nf3 Nc6 3. d4 cxd4 4. Nxd4 Nf6 5. Nc3 e5 6. Ndb5 d6 7. Bg5 a6 8. Na3 b5 9. Nd5 Be7 10. Bxf6 Bxf6 11. c4 b4 12. Nc2 a5 13. g3 a4 14. h4 Be6 15. Ndxb4 Nxb4 16. Nxb4 Qb6 17. a3 0-0 18. Be2 Rfc8 19. Rc1 Qb7 20. Bd3 Bxc4 21. 0-0 Bxd3 22. Qxd3 Be7 23. Nd5 Bf8 24. Nb4 Rc5 25. Kh2 Rac8 26. Rxc5 dxc5 27. Qd5 Qb6 28. Nd3 Rd8 29. Qc4 Rd4 30. Qc2 Qb3 31. Qxb3 axb3 32. Nxe5 Rxe4 33. Nd3 c4 34. Nf4 h6 35. Rc1 g5 36. Nd5 Bg7 37. Nc3 Rd4 38. hxg5 Rd2 39. Kg2 Rxb2 40. gxh6 Bxh6 41. Rd1 Rc2 42. Rd8+ Kh7 43. Ne4 b2 44. Rb8 Bg7 45. g4 Rc1 46. g5 b1Q 47. Re8 Qd3 48. Re7 Qf1+ 49. Kg3 Qg1+ 50. Kf3 Qh1+ 51. Kf4 Qh4+ 52. Kf5 Qh3+ 53. Kf4 Re1 54. Rxf7 1-0

[Event "Titled Tuesday intern op 18th Mar Late"]
[Site "Chess.com INT"]
[Date "2025.03.18"]
[Round "10"]
[White "Winkels, Marcel"]
[Black "Baylav, Can"]
[Result "0-1"]
[WhiteElo "1885"]
[BlackElo "2056"]
[PlyCount "70"]
[EventDate "2025.03.18"]
[EventType "swiss (blitz)"]
[EventRounds "11"]
[EventCountry "USA"]
[SourceTitle "CB13_2025"]
[SourceDate "2025.03.26"]
[SourceVersion "1"]
[SourceVersionDate "2025.03.26"]
[SourceQuality "1"]

1. e4 c5 2. Nf3 d6 3. d4 cxd4 4. Nxd4 Nf6 5. Nc3 a6 6. Bg5 Nbd7 7. Qe2 h6 8. Bh4 g6 9. 0-0-0 Bg7 10. f4 Qc7 11. Nd5 Nxd5 12. exd5 Nf6 13. Qc4 Qxc4 14. Bxc4 0-0 15. Rhe1 Re8 16. h3 b5 17. Bb3 Bb7 18. Nc6 Bxc6 19. dxc6 Rac8 20. Bxf6 Bxf6 21. Bd5 e6 22. Bf3 d5 23. Re2 Red8 24. g4 Rxc6 25. f5 Rdc8 26. Kb1 Kg7 27. Rde1 b4 28. Kc1 a5 29. Kd1 a4 30. b3 axb3 31. axb3 Bc3 32. Rf1 e5 33. Bxd5 Rd8 34. fxg6 Rxd5+ 35. Kc1 Ra6 0-1

[Event "Titled Tuesday intern op 04th Feb Early"]
[Site "Chess.com INT"]
[Date "2025.02.04"]
[Round "2"]
[White "Baylav, Can"]
[Black "Novikova, Margarita"]
[Result "1-0"]
[WhiteElo "2056"]
[BlackElo "1969"]
[PlyCount "111"]
[EventDate "2025.02.04"]
[EventType "swiss (blitz)"]
[EventRounds "11"]
[EventCountry "USA"]
[SourceTitle "CB07_2025"]
[SourceDate "2025.02.12"]
[SourceVersion "1"]
[SourceVersionDate "2025.02.12"]
[SourceQuality "1"]

1. b3 Nf6 2. Bb2 g6 3. e3 Bg7 4. f4 0-0 5. Nf3 e6 6. Be2 b6 7. 0-0 Bb7 8. d3 d5 9. Nbd2 c5 10. Ne5 Nfd7 11. Ndf3 Nxe5 12. Nxe5 Nd7 13. Nxd7 Qxd7 14. Bxg7 Kxg7 15. Bf3 Rac8 16. Qe2 c4 17. dxc4 dxc4 18. Rfd1 Qc7 19. Bxb7 Qxb7 20. bxc4 Rc5 21. Rd4 Rfc8 22. Rad1 Qa6 23. Rd7 Qxc4 24. Qxc4 Rxc4 25. Rxa7 R8c7 26. Rxc7 Rxc7 27. Rd2 Rc3 28. Kf2 b5 29. Kf3 Ra3 30. Ke4 Rxa2 31. Kd4 Kf6 32. Kc5 Rb2 33. g4 h6 34. h4 Rb1 35. g5+ hxg5 36. hxg5+ Ke7 37. Rd3 Rc1 38. Rc3 Rb1 39. Kd4 Rb4+ 40. Ke5 Kd7 41. Kf6 Ke8 42. Rc7 Rc4 43. Rxc4 bxc4 44. Ke5 Ke7 45. Kd4 f6 46. Kxc4 e5 47. Kd5 exf4 48. exf4 f5 49. Ke5 Kf7 50. c4 Ke7 51. c5 Kd7 52. Kf6 Kc6 53. Kxg6 Kd5 54. Kxf5 Kxc5 55. g6 Kd6 56. g7 1-0

[Event "Titled Tuesday intern op 04th Feb Early"]
[Site "Chess.com INT"]
[Date "2025.02.04"]
[Round "4"]
[White "Baylav, Can"]
[Black "Oluka, Robert Mcligeyo"]
[Result "1-0"]
[WhiteElo "2056"]
[BlackElo "2027"]
[PlyCount "67"]
[EventDate "2025.02.04"]
[EventType "swiss (blitz)"]
[EventRounds "11"]
[EventCountry "USA"]
[SourceTitle "CB07_2025"]
[SourceDate "2025.02.12"]
[SourceVersion "1"]
[SourceVersionDate "2025.02.12"]
[SourceQuality "1"]

1. e4 c5 2. Nf3 d6 3. Bb5+ Bd7 4. c4 Nf6 5. Nc3 g6 6. 0-0 Bg7 7. d4 cxd4 8. Nxd4 0-0 9. h3 a6 10. Bxd7 Nbxd7 11. Be3 Qa5 12. a3 Rac8 13. b4 Qc7 14. Nd5 Nxd5 15. cxd5 Nf6 16. Rc1 Qd7 17. Qd3 Rxc1 18. Rxc1 Rc8 19. Rxc8+ Qxc8 20. b5 axb5 21. Nxb5 Nd7 22. Qb3 Nc5 23. Qc4 b6 24. Nd4 Qa8 25. Nc6 Bf6 26. Bxc5 bxc5 27. a4 Qb7 28. a5 Bh4 29. g3 Bf6 30. a6 Qb1+ 31. Kg2 Qa1 32. a7 Bd4 33. Nxd4 cxd4 34. Qc8+ 1-0

[Event "Titled Tuesday intern op 10th Sep Early"]
[Site "Chess,com INT"]
[Date "2024.09.10"]
[Round "5"]
[White "Baylav, Can"]
[Black "Asish, Panda"]
[Result "1-0"]
[WhiteElo "2056"]
[BlackElo "1903"]
[PlyCount "105"]
[EventDate "2024.09.10"]
[EventType "swiss (blitz)"]
[EventRounds "11"]
[EventCountry "USA"]
[SourceTitle "EXT 2025"]
[Source "ChessBase"]
[SourceDate "2024.10.14"]
[SourceVersion "1"]
[SourceVersionDate "2024.10.14"]
[SourceQuality "1"]

1. Nf3 d5 2. c4 e6 3. b3 Nf6 4. Bb2 Be7 5. g3 0-0 6. Bg2 Ne4 7. Nc3 f5 8. 0-0 c6 9. d3 Nxc3 10. Bxc3 Nd7 11. Qc2 Bf6 12. e4 fxe4 13. dxe4 dxe4 14. Nd2 e3 15. fxe3 Qb6 16. Kh1 Qxe3 17. Bxf6 Nxf6 18. Rae1 Qb6 19. c5 Qc7 20. Ne4 e5 21. Nd6 Be6 22. Rxe5 Bd5 23. Rfe1 Bxg2+ 24. Kxg2 Nd5 25. Qc4 Qa5 26. R1e2 Kh8 27. Nxb7 Qa3 28. Nd6 h6 29. h4 a5 30. Nf5 a4 31. Qg4 Rf7 32. h5 Nf6 33. Qg6 Raf8 34. Re7 Qxc5 35. Rxf7 Qd5+ 36. Kh3 Qxf7 37. Re7 Qxg6 38. hxg6 Rg8 39. bxa4 Nh5 40. Nxh6 Ra8 41. Nf7+ Kg8 42. Nd6 Nf6 43. Rc7 Rd8 44. Rxc6 Nd5 45. Nf5 Rf8 46. g4 Nf4+ 47. Kh4 Ng2+ 48. Kg5 Ne1 49. Rc1 Nf3+ 50. Kf4 Nd4 51. Ke4 Ne6 52. Ne7+ Kh8 53. Rh1# 1-0

[Event "Titled Tuesday intern op 10th Sep Early"]
[Site "Chess,com INT"]
[Date "2024.09.10"]
[Round "7"]
[White "Baylav, Can"]
[Black "Martic, Ivan"]
[Result "0-1"]
[WhiteElo "2056"]
[BlackElo "2233"]
[PlyCount "40"]
[EventDate "2024.09.10"]
[EventType "swiss (blitz)"]
[EventRounds "11"]
[EventCountry "USA"]
[SourceTitle "EXT 2025"]
[Source "ChessBase"]
[SourceDate "2024.10.14"]
[SourceVersion "1"]
[SourceVersionDate "2024.10.14"]
[SourceQuality "1"]

1. Nf3 Nf6 2. c4 b6 3. g3 Bb7 4. Bg2 g6 5. b3 Bg7 6. Bb2 0-0 7. 0-0 e6 8. d4 c5 9. Nc3 d6 10. Qd2 Ne4 11. Nxe4 Bxe4 12. Rfd1 Qe7 13. h4 Rd8 14. h5 Nc6 15. dxc5 dxc5 16. Qc1 Rxd1+ 17. Qxd1 Bxb2 18. h6 Rd8 19. Qe1 Bxa1 20. Qxa1 e5 0-1

[Event "Titled Tuesday intern op 10th Sep Early"]
[Site "Chess,com INT"]
[Date "2024.09.10"]
[Round "1"]
[White "Baylav, Can"]
[Black "Wagner, Dennis"]
[Result "0-1"]
[WhiteElo "2056"]
[BlackElo "2617"]
[PlyCount "48"]
[EventDate "2024.09.10"]
[EventType "swiss (blitz)"]
[EventRounds "11"]
[EventCountry "USA"]
[SourceTitle "EXT 2025"]
[Source "ChessBase"]
[SourceDate "2024.10.14"]
[SourceVersion "1"]
[SourceVersionDate "2024.10.14"]
[SourceQuality "1"]

1. Nf3 g6 2. c4 Bg7 3. d4 Nf6 4. b3 0-0 5. Bb2 b6 6. g3 Bb7 7. Bg2 e6 8. 0-0 Qe7 9. Nc3 Rd8 10. Re1 d5 11. Qc2 Na6 12. a3 c5 13. cxd5 exd5 14. Rac1 Rac8 15. e3 Ne4 16. dxc5 Naxc5 17. Qd1 Ba6 18. Bf1 Bxf1 19. Rxf1 h5 20. h4 Qe6 21. b4 Nb7 22. Kg2 Nxc3 23. Bxc3 Bxc3 24. Qd3 Bf6 0-1

[Event "TUR Cup"]
[Site "Denizli"]
[Date "2024.08.04"]
[Round "8"]
[White "Baylav, Can"]
[Black "Kiyak, Ali"]
[Result "1-0"]
[WhiteElo "2086"]
[BlackElo "1803"]
[PlyCount "93"]
[EventDate "2024.07.30"]
[EventType "swiss"]
[EventRounds "11"]
[EventCountry "TUR"]
[SourceTitle "EXT 2025"]
[Source "ChessBase"]
[SourceDate "2024.10.14"]
[SourceVersion "1"]
[SourceVersionDate "2024.10.14"]
[SourceQuality "1"]

1. e4 e5 2. Nf3 Nc6 3. Bb5 a6 4. Ba4 Nf6 5. d3 d6 6. c3 g6 7. 0-0 Bg7 8. Re1 0-0 9. h3 b5 10. Bc2 Bb7 11. a4 b4 12. a5 Rb8 13. d4 bxc3 14. bxc3 exd4 15. cxd4 Nb4 16. Nc3 Nxc2 17. Qxc2 h6 18. d5 Qd7 19. Be3 c6 20. dxc6 Qxc6 21. Nd4 Qc7 22. Qd3 Rbc8 23. Rec1 Qe7 24. f3 d5 25. e5 Qxe5 26. Rab1 Ba8 27. Nde2 d4 28. Bxd4 Qxa5 29. Ra1 Qg5 30. Rxa6 Nh5 31. Bxg7 Nxg7 32. Kh1 Rfd8 33. Rd6 Nf5 34. Rd7 Rxd7 35. Qxd7 Rd8 36. Qc7 Re8 37. Ra1 Ne3 38. Nf4 Qf6 39. Re1 Qe7 40. Qb6 Qe5 41. Qb4 g5 42. Nh5 Re6 43. Ne4 Bxe4 44. Rxe3 Qa1+ 45. Re1 Qa2 46. Rxe4 Qa1+ 47. Kh2 1-0

[Event "TUR Cup"]
[Site "Denizli"]
[Date "2024.08.03"]
[Round "7"]
[White "Celik, Ege Yigit"]
[Black "Baylav, Can"]
[Result "1-0"]
[WhiteElo "1949"]
[BlackElo "2086"]
[PlyCount "103"]
[EventDate "2024.07.30"]
[EventType "swiss"]
[EventRounds "11"]
[EventCountry "TUR"]
[SourceTitle "EXT 2025"]
[Source "ChessBase"]
[SourceDate "2024.10.14"]
[SourceVersion "1"]
[SourceVersionDate "2024.10.14"]
[SourceQuality "1"]

1. c4 c6 2. Nf3 d5 3. g3 Nf6 4. Bg2 Bf5 5. cxd5 cxd5 6. Qb3 Nc6 7. Qxb7 Bd7 8. Qb3 e5 9. d3 Rb8 10. Qd1 Bb4+ 11. Bd2 e4 12. dxe4 dxe4 13. Ng5 e3 14. fxe3 Ng4 15. Qc2 Nce5 16. Nf3 Nxf3+ 17. Bxf3 Nxe3 18. Qe4+ Qe7 19. Nc3 Qxe4 20. Bxe4 Nc4 21. 0-0-0 Bd6 22. Bf4 Bxf4+ 23. gxf4 Ke7 24. b3 Nd6 25. Bd3 Rhc8 26. Kb2 f5 27. e4 Rxc3 28. Kxc3 fxe4 29. Rhe1 Bc6 30. Bc4 Rc8 31. Kb2 Rf8 32. Rf1 Rf5 33. Kc3 Rh5 34. Rd2 Rh3+ 35. Kb4 e3 36. Re2 Nf5 37. Rfe1 Bf3 38. Rxe3+ Nxe3 39. Rxe3+ Kf6 40. Be2 Bg2 41. Rxh3 Bxh3 42. Bd3 Bf5 43. Kc3 h6 44. b4 Bc8 45. Kd4 g5 46. fxg5+ hxg5 47. a4 g4 48. b5 Kg5 49. a5 Kh4 50. Bf1 Bd7 51. Kc5 Bf5 52. Kc6 1-0

[Event "TUR Cup"]
[Site "Denizli"]
[Date "2024.08.01"]
[Round "4"]
[White "Baylav, Can"]
[Black "Sozat, Arda"]
[Result "1/2-1/2"]
[WhiteElo "2086"]
[BlackElo "1836"]
[PlyCount "45"]
[EventDate "2024.07.30"]
[EventType "swiss"]
[EventRounds "11"]
[EventCountry "TUR"]
[SourceTitle "EXT 2025"]
[Source "ChessBase"]
[SourceDate "2024.10.14"]
[SourceVersion "1"]
[SourceVersionDate "2024.10.14"]
[SourceQuality "1"]

1. e4 c5 2. Nf3 a6 3. c4 e6 4. d4 cxd4 5. Nxd4 Nf6 6. Nc3 Bb4 7. Qd3 d5 8. exd5 exd5 9. Be2 0-0 10. 0-0 Nc6 11. Nxc6 bxc6 12. Bf3 Be6 13. cxd5 Nxd5 14. Ne2 Nc3 15. Qxd8 Nxe2+ 16. Bxe2 Rfxd8 17. a3 Be7 18. Bf3 Rac8 19. a4 Bd5 20. Be2 a5 21. Bf4 Bf6 22. Bg4 Ra8 23. Rfb1 1/2-1/2

[Event "Titled Tuesday intern op 23rd Jul Early"]
[Site "Chess.com INT"]
[Date "2024.07.23"]
[Round "3"]
[White "Baylav, Can"]
[Black "Rahman, Adel"]
[Result "0-1"]
[WhiteElo "2119"]
[BlackElo "2273"]
[PlyCount "36"]
[EventDate "2024.07.23"]
[EventType "swiss (blitz)"]
[EventRounds "11"]
[EventCountry "USA"]
[SourceTitle "EXT 2025"]
[Source "ChessBase"]
[SourceDate "2024.10.14"]
[SourceVersion "1"]
[SourceVersionDate "2024.10.14"]
[SourceQuality "1"]

1. d4 Nf6 2. c4 c5 3. Nf3 e6 4. Nc3 d5 5. cxd5 Nxd5 6. e4 Nxc3 7. bxc3 cxd4 8. cxd4 Bb4+ 9. Bd2 Bxd2+ 10. Qxd2 0-0 11. Be2 Nd7 12. 0-0 Nf6 13. Qe3 b6 14. Rac1 Bb7 15. Bd3 Qe7 16. h3 Rac8 17. Ne5 Qa3 18. Qe2 Rxc1 0-1

[Event "Titled Tuesday intern op 23rd Jul Early"]
[Site "Chess.com INT"]
[Date "2024.07.23"]
[Round "1"]
[White "Baylav, Can"]
[Black "Rustemov, Alexander"]
[Result "1-0"]
[WhiteElo "2119"]
[BlackElo "2525"]
[PlyCount "171"]
[EventDate "2024.07.23"]
[EventType "swiss (blitz)"]
[EventRounds "11"]
[EventCountry "USA"]
[SourceTitle "EXT 2025"]
[Source "ChessBase"]
[SourceDate "2024.10.14"]
[SourceVersion "1"]
[SourceVersionDate "2024.10.14"]
[SourceQuality "1"]

1. e4 e6 2. d4 d5 3. exd5 exd5 4. c4 Nf6 5. Nc3 Be7 6. Bd3 dxc4 7. Bxc4 0-0 8. Nge2 Nbd7 9. 0-0 Nb6 10. Bd3 Bg4 11. f3 Be6 12. Bc2 Nbd5 13. a3 c6 14. Qd3 g6 15. Bh6 Re8 16. Ng3 Qb6 17. Na4 Qc7 18. Ne4 Rad8 19. Rae1 Nb6 20. Qe3 Nxa4 21. Bxa4 Qb6 22. Rd1 Qxb2 23. Rf2 Qb6 24. Rfd2 Nd5 25. Qf2 Qa5 26. Bb3 Qxa3 27. Rb1 Qa5 28. Ra2 Qb6 29. Bc2 Qc7 30. Rxa7 Rb8 31. h4 Nb4 32. Bb3 Bxb3 33. Rxb3 Qb6 34. Ra4 Qb5 35. Ra1 Qc4 36. Rab1 Rbd8 37. Bg5 Kg7 38. Bxe7 Rxe7 39. Rxb4 Qd3 40. Rxb7 Rxb7 41. Rxb7 Rxd4 42. Ng5 Rd7 43. Qb2+ f6 44. Rxd7+ Qxd7 45. Ne4 Qe7 46. Qd4 Kf7 47. Nd6+ Ke6 48. Ne4 Kf7 49. Qc4+ Kg7 50. Qxc6 h5 51. Qd6 Qf7 52. Nc5 Qa7 53. Qd7+ Qxd7 54. Nxd7 Kf7 55. Nc5 Ke7 56. Nd3 Ke6 57. Kf2 Kf5 58. Kg3 g5 59. Nf2 Kg6 60. Ne4 Kf5 61. Nd6+ Kg6 62. f4 g4 63. f5+ Kg7 64. Kf4 Kf8 65. Ne4 Ke7 66. g3 Kf7 67. Nd2 Ke7 68. Ke4 Kf7 69. Kd5 Ke7 70. Ne4 Kf7 71. Kd6 Kg7 72. Ke7 Kh6 73. Nxf6 Kg7 74. Nxh5+ Kh6 75. Nf4 Kh7 76. f6 Kg8 77. f7+ Kh7 78. Ng2 Kg6 79. f8Q Kh5 80. Qf7+ Kh6 81. Qf6+ Kh7 82. Qf5+ Kh6 83. Qg5+ Kh7 84. Nf4 Kh8 85. Kf7 Kh7 86. Qh5# 1-0

[Event "Titled Tuesday intern op 23rd Jul Early"]
[Site "Chess.com INT"]
[Date "2024.07.23"]
[Round "4"]
[White "Ivanov, Andrey A2"]
[Black "Baylav, Can"]
[Result "0-1"]
[WhiteElo "1942"]
[BlackElo "2119"]
[PlyCount "104"]
[EventDate "2024.07.23"]
[EventType "swiss (blitz)"]
[EventRounds "11"]
[EventCountry "USA"]
[SourceTitle "EXT 2025"]
[Source "ChessBase"]
[SourceDate "2024.10.14"]
[SourceVersion "1"]
[SourceVersionDate "2024.10.14"]
[SourceQuality "1"]

1. d4 Nf6 2. c4 e6 3. Nc3 d5 4. cxd5 exd5 5. Bg5 Nbd7 6. e3 c6 7. Bd3 Be7 8. Qc2 0-0 9. Nge2 h6 10. Bf4 Re8 11. 0-0 Nf8 12. h3 Ne6 13. Bh2 Bf8 14. a3 Ng5 15. Nf4 a5 16. Rab1 Nge4 17. Bxe4 Nxe4 18. Nxe4 Rxe4 19. b4 axb4 20. axb4 Bf5 21. Qc3 Qb6 22. b5 Rxf4 23. Bxf4 Bxb1 24. Rxb1 cxb5 25. Qc7 Qxc7 26. Bxc7 b4 27. Kf1 Ra2 28. g3 Be7 29. Kg2 Kf8 30. Kf3 Ke8 31. Bb6 Kd7 32. Bc5 Bxc5 33. dxc5 Ra4 34. e4 dxe4+ 35. Kxe4 Kc6 36. Kd4 b3+ 37. Ke3 Rb4 38. Kd3 Kxc5 39. Kc3 Rc4+ 40. Kd3 Rb4 41. Kc3 b5 42. f4 b2 43. h4 h5 44. f5 Rg4 45. Kxb2 Rb4+ 46. Kc2 Rxb1 47. Kxb1 Kd5 48. g4 hxg4 49. f6 gxf6 50. h5 g3 51. h6 g2 52. h7 g1Q+ 0-1

[Event "Titled Tuesday intern op 09th Jul Late"]
[Site "Chess.com INT"]
[Date "2024.07.09"]
[Round "1"]
[White "Baylav, Can"]
[Black "Droin, Augustin"]
[Result "0-1"]
[WhiteElo "2119"]
[BlackElo "2472"]
[PlyCount "28"]
[EventDate "2024.07.09"]
[EventType "swiss (blitz)"]
[EventRounds "11"]
[EventCountry "USA"]
[SourceTitle "EXT 2025"]
[Source "ChessBase"]
[SourceDate "2024.10.14"]
[SourceVersion "1"]
[SourceVersionDate "2024.10.14"]
[SourceQuality "1"]

1. d4 d5 2. c4 e5 3. dxe5 d4 4. Nf3 Nc6 5. a3 Nge7 6. e3 Bg4 7. exd4 Bxf3 8. Qxf3 Qxd4 9. Qe3 Nf5 10. Qxd4 Nfxd4 11. Bd3 Nb3 12. Nd2 Nxa1 13. b3 0-0-0 14. Ke2 Nd4+ 0-1

[Event "Titled Tuesday intern op 09th Jul Late"]
[Site "Chess.com INT"]
[Date "2024.07.09"]
[Round "6"]
[White "Baylav, Can"]
[Black "Javakhadze, Zurab"]
[Result "0-1"]
[WhiteElo "2119"]
[BlackElo "2417"]
[PlyCount "54"]
[EventDate "2024.07.09"]
[EventType "swiss (blitz)"]
[EventRounds "11"]
[EventCountry "USA"]
[SourceTitle "EXT 2025"]
[Source "ChessBase"]
[SourceDate "2024.10.14"]
[SourceVersion "1"]
[SourceVersionDate "2024.10.14"]
[SourceQuality "1"]

1. e4 e5 2. Nc3 Nf6 3. d4 exd4 4. Qxd4 Nc6 5. Qd3 d5 6. Bf4 Bb4 7. 0-0-0 dxe4 8. Nxe4 Nxe4 9. Qxe4+ Qe7 10. Qxe7+ Bxe7 11. Bxc7 Bf5 12. a3 Rc8 13. Bf4 Nb4 14. c3 Na2+ 15. Kd2 0-0 16. Bd3 Rfd8 17. Ke2 Be6 18. Nf3 Bxa3 19. bxa3 Nxc3+ 20. Ke3 Nxd1+ 21. Rxd1 Rc3 22. Nd4 Bc4 23. a4 Re8+ 24. Be5 Rxe5+ 25. Kf4 Rd5 26. Re1 g5+ 27. Kg3 Rxd4 0-1

[Event "Titled Tuesday intern op 09th Jul Early"]
[Site "Chess.com INT"]
[Date "2024.07.09"]
[Round "6"]
[White "Baylav, Can"]
[Black "Malyovanyi, Yulian"]
[Result "0-1"]
[WhiteElo "2119"]
[BlackElo "2293"]
[PlyCount "62"]
[EventDate "2024.07.09"]
[EventType "swiss (blitz)"]
[EventRounds "11"]
[EventCountry "USA"]
[SourceTitle "EXT 2025"]
[Source "ChessBase"]
[SourceDate "2024.10.14"]
[SourceVersion "1"]
[SourceVersionDate "2024.10.14"]
[SourceQuality "1"]

1. d4 g6 2. e4 Bg7 3. Nc3 d6 4. f4 Nf6 5. Nf3 c5 6. dxc5 Qa5 7. Bd3 Qxc5 8. Qe2 Bg4 9. Be3 Qa5 10. 0-0 Nc6 11. h3 Bxf3 12. Qxf3 Nd7 13. Nd5 e6 14. Nc3 Nc5 15. a3 Bxc3 16. bxc3 Qxc3 17. Rfd1 Nxd3 18. cxd3 0-0 19. d4 d5 20. exd5 exd5 21. Rdc1 Qd3 22. Rd1 Qf5 23. g4 Qd7 24. f5 Rfe8 25. Bh6 Re4 26. fxg6 fxg6 27. Rf1 Qe7 28. Qb3 Rd8 29. Rab1 b6 30. Rbd1 Nxd4 31. Qc3 Ne2+ 0-1

[Event "Titled Tuesday intern op 09th Jul Late"]
[Site "Chess.com INT"]
[Date "2024.07.09"]
[Round "2"]
[White "Baylav, Can"]
[Black "Zou, Chen"]
[Result "1-0"]
[WhiteElo "2119"]
[BlackElo "2449"]
[PlyCount "71"]
[EventDate "2024.07.09"]
[EventType "swiss (blitz)"]
[EventRounds "11"]
[EventCountry "USA"]
[SourceTitle "EXT 2025"]
[Source "ChessBase"]
[SourceDate "2024.10.14"]
[SourceVersion "1"]
[SourceVersionDate "2024.10.14"]
[SourceQuality "1"]

1. Nf3 c5 2. e4 Nc6 3. d4 cxd4 4. Nxd4 Nf6 5. Nc3 d6 6. Bg5 e6 7. Qd2 Be7 8. 0-0-0 0-0 9. Kb1 a6 10. Nxc6 bxc6 11. Bxf6 gxf6 12. Bc4 Kh8 13. Bb3 Rb8 14. f4 a5 15. Rhf1 Rg8 16. f5 Qb6 17. Qh6 Qd8 18. Rd3 Qf8 19. Qh5 Rg5 20. Qh3 Qg7 21. fxe6 Rxg2 22. Rg3 Rxg3 23. hxg3 Rxb3 24. axb3 fxe6 25. Qh5 Qf8 26. Rh1 Qg8 27. Qxa5 Bd7 28. Ne2 Qd8 29. Qh5 Qg8 30. Nf4 Be8 31. Qh6 Bf7 32. b4 e5 33. Nh5 Bg6 34. Rf1 Qf7 35. g4 Qc4 36. Qg7# 1-0

[Event "Titled Tuesday intern op 09th Jul Late"]
[Site "Chess.com INT"]
[Date "2024.07.09"]
[Round "7"]
[White "Jimenez Fernandez, Rebeca"]
[Black "Baylav, Can"]
[Result "1-0"]
[WhiteElo "2073"]
[BlackElo "2119"]
[PlyCount "125"]
[EventDate "2024.07.09"]
[EventType "swiss (blitz)"]
[EventRounds "11"]
[EventCountry "USA"]
[SourceTitle "EXT 2025"]
[Source "ChessBase"]
[SourceDate "2024.10.14"]
[SourceVersion "1"]
[SourceVersionDate "2024.10.14"]
[SourceQuality "1"]

1. e4 c5 2. Nc3 Nc6 3. g3 g6 4. Bg2 Bg7 5. d3 d6 6. Be3 Rb8 7. Qd2 b5 8. Nge2 Nf6 9. h3 b4 10. Nd1 Nd7 11. Bh6 Bf6 12. f4 Nd4 13. Nc1 e5 14. c3 bxc3 15. bxc3 Nc6 16. 0-0 exf4 17. gxf4 Nb6 18. e5 dxe5 19. Bxc6+ Bd7 20. Bg2 Be6 21. Ne3 exf4 22. Ng4 g5 23. Nb3 Be7 24. Rae1 Rg8 25. Bc6+ Nd7 26. Ne5 Qc7 27. Bxd7+ Bxd7 28. Nxd7 Kxd7 29. Qe2 Kd8 30. Qh5 Rg6 31. Re4 Rbb6 32. Rfe1 Bf6 33. Re8+ Kd7 34. Bf8 Kc6 35. c4 Kb7 36. Qf3+ Ka6 37. Nxc5+ Ka5 38. d4 Bxd4+ 39. Kg2 Bxc5 40. Bxc5 Qxc5 41. R8e5 Rb2+ 42. Kh1 Kb4 43. Rxc5 Kxc5 44. Qd3 Rbb6 45. Qd5+ Kb4 46. Rb1+ Ka4 47. Rc1 Rgd6 48. Qe5 Re6 49. Qf5 f3 50. Qc2+ Ka5 51. c5 Rb4 52. Qc3 Kb5 53. Rf1 Rf4 54. Rxf3 Rc4 55. Qd3 Re1+ 56. Kg2 Kxc5 57. Rf5+ Kb4 58. a3+ Ka4 59. Qxc4+ Kxa3 60. Rf3+ Kb2 61. Qb3+ Kc1 62. Rc3+ Kd2 63. Qc2# 1-0

[Event "Titled Tuesday intern op 09th Jul Early"]
[Site "Chess.com INT"]
[Date "2024.07.09"]
[Round "3"]
[White "Silva, Pedro Gil Ferreira"]
[Black "Baylav, Can"]
[Result "0-1"]
[WhiteElo "2239"]
[BlackElo "2119"]
[PlyCount "74"]
[EventDate "2024.07.09"]
[EventType "swiss (blitz)"]
[EventRounds "11"]
[EventCountry "USA"]
[SourceTitle "EXT 2025"]
[Source "ChessBase"]
[SourceDate "2024.10.14"]
[SourceVersion "1"]
[SourceVersionDate "2024.10.14"]
[SourceQuality "1"]

1. e4 c5 2. Nf3 e6 3. c3 d5 4. exd5 Qxd5 5. d4 Nf6 6. Be2 Be7 7. 0-0 0-0 8. Be3 cxd4 9. Nxd4 e5 10. Nb5 Qxd1 11. Rxd1 Nc6 12. N1a3 Bg4 13. Kf1 Bxe2+ 14. Kxe2 a6 15. Nd6 b5 16. Nc2 Rfd8 17. Nf5 Bf8 18. Bg5 Rxd1 19. Rxd1 Ne4 20. Be3 g6 21. Ng3 Nxg3+ 22. hxg3 Rd8 23. Rxd8 Nxd8 24. Kd3 f5 25. f3 Kf7 26. c4 Ke6 27. b3 Nb7 28. cxb5 axb5 29. a4 bxa4 30. bxa4 Kd5 31. Bb6 Bc5 32. Ne3+ Kc6 33. Bd8 Nxd8 34. Nc4 Kd5 35. a5 Nc6 36. a6 Nb4+ 37. Kc3 Nxa6 0-1

[Event "Ankara Baskent Univ op 7th"]
[Site "Ankara"]
[Date "2024.07.07"]
[Round "7"]
[White "Dogan, Umut Anil"]
[Black "Baylav, Can"]
[Result "1/2-1/2"]
[WhiteElo "2054"]
[BlackElo "2119"]
[PlyCount "101"]
[EventDate "2024.07.03"]
[EventType "swiss"]
[EventRounds "9"]
[EventCountry "TUR"]
[SourceTitle "CBM 221 Extra"]
[Source "ChessBase"]
[SourceDate "2024.09.30"]
[SourceVersion "1"]
[SourceVersionDate "2024.09.30"]
[SourceQuality "1"]

1. Nf3 c5 2. g3 Nc6 3. Bg2 Nf6 4. c4 d5 5. cxd5 Nxd5 6. 0-0 e5 7. d3 Be7 8. Nc3 Nc7 9. Be3 Rb8 10. Nd2 0-0 11. Nc4 f6 12. Bxc6 bxc6 13. Rc1 Bh3 14. Re1 Nd5 15. Qa4 Qd7 16. Ne4 Nxe3 17. Nxe3 Rb5 18. Nc4 Be6 19. b3 Bd5 20. Nc3 Rb4 21. Qa5 Re8 22. Ne4 Rb5 23. Qd2 Qh3 24. Ne3 Rd8 25. Nc3 Rbb8 26. Na4 f5 27. Nxd5 cxd5 28. e3 c4 29. Qc2 Ba3 30. Rcd1 c3 31. Qxc3 Bb4 32. Qxe5 Bxe1 33. Rxe1 Rbc8 34. Qe6+ Kh8 35. d4 Qh5 36. Nc5 f4 37. Nd3 Re8 38. Nxf4 Rxe6 39. Nxh5 g5 40. h4 Rh6 41. g4 gxh4 42. Kg2 Rc2 43. Nf4 Rxa2 44. Rc1 Rd6 45. Rc7 h6 46. Re7 a5 47. Ra7 Kg8 48. Kh3 Rxf2 49. Rxa5 Rf3+ 50. Kxh4 Rxe3 51. Nxd5 1/2-1/2